[Event "Skakligaen 2022-23"]
[Site "Denmark"]
[Date "2022.10.29"]
[Round "1.4"]
[White "Rasmussen, Casper Dahl"]
[Black "Svane, Frederik"]
[Result "0-1"]
[WhiteElo "2289"]
[BlackElo "2566"]
[PlyCount "64"]
[EventDate "2022.10.29"]
[EventType "team-tourn"]
[EventRounds "9"]
[EventCountry "DEN"]
[SourceTitle "Live"]
[WhiteTeam "Obro"]
[BlackTeam "Skanderborg"]

1. d4 Nf6 2. c4 e6 3. Nf3 d5 4. g3 dxc4 5. Bg2 a6 6. O-O Nc6 7. Nc3 Rb8 8. e4
Be7 9. Bg5 h6 10. Bf4 b5 11. d5 exd5 12. exd5 Nb4 13. Nd4 Bd7 14. Qd2 Nd3 15.
Nc6 Bxc6 16. dxc6 O-O 17. Rad1 Re8 18. b3 Bd6 19. Bxh6 gxh6 20. bxc4 bxc4 21.
Qxh6 Bf8 22. Qh4 Qe7 23. Rd2 Qe5 24. Rc2 Rb2 25. Rxb2 Nxb2 26. Rc1 Nd3 27. Rc2
Ne1 28. Rc1 Bc5 29. Ne4 Nxe4 30. Bxe4 Qxe4 31. Qg5+ Qg6 32. Qxc5 Nd3 0-1

[Event "Skakligaen 2022-23"]
[Site "Denmark"]
[Date "2022.10.30"]
[Round "2.2"]
[White "Thogersen, Rasmus"]
[Black "Jepson, Christian"]
[Result "1-0"]
[WhiteElo "2323"]
[BlackElo "2401"]
[PlyCount "65"]
[EventDate "2022.10.29"]
[EventType "team-tourn"]
[EventRounds "9"]
[EventCountry "DEN"]
[SourceTitle "Live"]
[WhiteTeam "SK1968"]
[BlackTeam "Nordkalotten"]

1. e4 g6 2. d4 Bg7 3. Nc3 c6 4. h3 d6 5. f4 e5 6. Nf3 exd4 7. Nxd4 d5 8. exd5
Ne7 9. Bc4 cxd5 10. Bb3 O-O 11. O-O Nbc6 12. Be3 Na5 13. Qf3 Nc4 14. Bxc4 dxc4
15. Rad1 Qa5 16. g4 f5 17. Ndb5 a6 18. Bc5 Rf7 19. Qe3 axb5 20. Bxe7 fxg4 21.
Rd8+ Bf8 22. Rxf8+ Rxf8 23. Bxf8 Kxf8 24. Nd5 Qa7 25. Nb6 gxh3 26. Qc5+ Kf7 27.
Re1 Be6 28. Qc7+ Kg8 29. Rxe6 Rf8 30. Re7 Qxa2 31. Rg7+ Kh8 32. Rxh7+ Kg8 33.
Qg7# 1-0

[Event "Skakligaen 2022-23"]
[Site "Denmark"]
[Date "2022.10.30"]
[Round "2.8"]
[White "Krejci, Martin"]
[Black "Jakobsen, Peter"]
[Result "1/2-1/2"]
[WhiteElo "2058"]
[BlackElo "2175"]
[PlyCount "28"]
[EventDate "2022.10.29"]
[EventType "team-tourn"]
[EventRounds "9"]
[EventCountry "DEN"]
[SourceTitle "Live"]
[WhiteTeam "SK1968"]
[BlackTeam "Nordkalotten"]

1. e4 c5 2. c3 d5 3. exd5 Qxd5 4. d4 Nf6 5. Nf3 e6 6. Be2 Be7 7. O-O O-O 8.
dxc5 Bxc5 9. Bg5 Nbd7 10. Qa4 Qe4 11. Qxe4 Nxe4 12. Nbd2 Nxg5 13. Nxg5 Be7 14.
Ngf3 Nc5 1/2-1/2

[Event "Skakligaen 2022-23"]
[Site "Denmark"]
[Date "2022.11.20"]
[Round "3.1"]
[White "Nielsen, Viktor Haarmark"]
[Black "Hansen, Sune Berg"]
[Result "1/2-1/2"]
[WhiteElo "2384"]
[BlackElo "2525"]
[PlyCount "71"]
[EventDate "2022.10.29"]
[EventType "team-tourn"]
[EventRounds "9"]
[EventCountry "DEN"]
[SourceTitle "Holdskaksystemet"]
[WhiteTeam "Obro"]
[BlackTeam "Hillerod"]

1. d4 Nf6 2. c4 e6 3. Nf3 d5 4. g3 dxc4 5. Bg2 Nbd7 6. a4 c6 7. a5 b5 8. axb6
Nxb6 9. O-O Bb7 10. Ne5 Nfd7 11. Nd2 Nxe5 12. dxe5 Be7 13. Qc2 Qd4 14. Nf3 Qd7
15. Bg5 O-O 16. Rfd1 Qc7 17. h4 h6 18. Bxe7 Qxe7 19. Nd2 c5 20. Bxb7 Qxb7 21.
Ne4 Nd5 22. Nd6 Qc7 23. Nxc4 Rfb8 24. Ra3 Rb4 25. Rda1 Nb6 26. Nxb6 Qxb6 27.
R1a2 a5 28. Rc3 Rb5 29. Rca3 Rd8 30. Qc3 Rd1+ 31. Kg2 Qb7+ 32. Qf3 Qc7 33. Qc3
Qb7+ 34. Qf3 Qa6 35. Qc3 Qb7+ 36. Qf3 1/2-1/2

[Event "Skakligaen 2022-23"]
[Site "Denmark"]
[Date "2022.11.20"]
[Round "3.2"]
[White "Schandorff, Lars"]
[Black "Nunez, Ruben Domingo"]
[Result "1-0"]
[WhiteElo "2476"]
[BlackElo "2383"]
[PlyCount "107"]
[EventDate "2022.10.29"]
[EventType "team-tourn"]
[EventRounds "9"]
[EventCountry "DEN"]
[SourceTitle "Live"]
[WhiteTeam "Hillerod"]
[BlackTeam "Obro"]

1. d4 Nf6 2. Nf3 b6 3. Bf4 Bb7 4. e3 g6 5. Be2 Bg7 6. O-O d6 7. h3 O-O 8. Bh2
Nbd7 9. c4 Ne4 10. Nfd2 Nxd2 11. Qxd2 e5 12. Nc3 Qg5 13. d5 f5 14. b4 a6 15.
Rac1 f4 16. Bg4 fxe3 17. fxe3 Nf6 18. Be6+ Kh8 19. Rf3 Rae8 20. Rcf1 Qh4 21.
Qe2 Rxe6 22. dxe6 Bxf3 23. Rxf3 Re8 24. Bg3 Qg5 25. Qf2 e4 26. Bh4 Qxh4 27.
Qxh4 exf3 28. gxf3 Rxe6 29. Kf2 Re5 30. Ne2 Rh5 31. Qg3 Rf5 32. Ke1 Re5 33. e4
b5 34. c5 Bh6 35. h4 Bf8 36. Nd4 Re8 37. Qg5 Be7 38. cxd6 cxd6 39. Qc1 Nd5 40.
Kf1 Nxb4 41. Qd2 d5 42. a3 dxe4 43. axb4 Bf6 44. Qe3 Bxh4 45. fxe4 Bf6 46. Nc6
Re6 47. Qc5 Bg7 48. e5 h5 49. Qd5 Re8 50. Kg2 a5 51. Qf7 Ra8 52. bxa5 b4 53.
Qxg6 b3 54. Ne7 1-0

[Event "Skakligaen 2022-23"]
[Site "Denmark"]
[Date "2022.11.20"]
[Round "3.3"]
[White "Christensen, Stefan"]
[Black "Percivaldi, Martin"]
[Result "0-1"]
[WhiteElo "2293"]
[BlackElo "2400"]
[PlyCount "74"]
[EventDate "2022.10.29"]
[EventType "team-tourn"]
[EventRounds "9"]
[EventCountry "DEN"]
[SourceTitle "Live"]
[WhiteTeam "Obro"]
[BlackTeam "Hillerod"]

1. e4 e5 2. Nf3 Nc6 3. Bc4 Bc5 4. c3 Nf6 5. d3 d6 6. O-O O-O 7. Bb3 a6 8. Re1
Ba7 9. Nbd2 Ng4 10. Rf1 Ne7 11. h3 Nf6 12. Re1 Ng6 13. Nf1 c6 14. a4 h6 15. Be3
Bxe3 16. Rxe3 d5 17. a5 Re8 18. Re1 Be6 19. Ng3 Qd7 20. d4 dxe4 21. Nxe4 Nxe4
22. Rxe4 Bxb3 23. Qxb3 Qd5 24. Qc2 f5 25. Ree1 e4 26. Nd2 Qf7 27. Qb3 Re6 28.
g3 Rae8 29. c4 Kh8 30. c5 Qf6 31. Qxb7 f4 32. Nf1 e3 33. Re2 exf2+ 34. Rxf2
Qxd4 35. Qb3 fxg3 36. Nxg3 Nf4 37. Nf5 Re1+ 0-1

[Event "Skakligaen 2022-23"]
[Site "Denmark"]
[Date "2022.11.20"]
[Round "3.4"]
[White "Borge, Nikolaj"]
[Black "Rasmussen, Casper Dahl"]
[Result "1-0"]
[WhiteElo "2388"]
[BlackElo "2289"]
[PlyCount "67"]
[EventDate "2022.10.29"]
[EventType "team-tourn"]
[EventRounds "9"]
[EventCountry "DEN"]
[SourceTitle "Live"]
[WhiteTeam "Hillerod"]
[BlackTeam "Obro"]

1. e4 e5 2. Nf3 Nf6 3. Nxe5 d6 4. Nf3 Nxe4 5. d3 Nf6 6. d4 d5 7. c4 Bb4+ 8. Nc3
O-O 9. Be2 Bg4 10. h3 Bxf3 11. Bxf3 Re8+ 12. Be3 c5 13. O-O Bxc3 14. bxc3 Nc6
15. dxc5 dxc4 16. Rb1 Qe7 17. Qa4 Rac8 18. Rfd1 Qc7 19. Rb2 Nd7 20. Rdb1 Nde5
21. Bd5 Qd7 22. Bxc4 Nxc4 23. Qxc4 Qf5 24. Qa4 Re7 25. Rxb7 h5 26. Qf4 Qc2 27.
Qf3 Qxa2 28. Qxh5 a5 29. Qg4 Rce8 30. Bh6 g6 31. Qf3 Kh7 32. Bg5 Ne5 33. Qf4
Nd3 34. Qh4+ 1-0

[Event "Skakligaen 2022-23"]
[Site "Denmark"]
[Date "2022.11.20"]
[Round "3.5"]
[White "Larsen, Karsten"]
[Black "Storme, Isak"]
[Result "0-1"]
[WhiteElo "2241"]
[BlackElo "2424"]
[PlyCount "74"]
[EventDate "2022.10.29"]
[EventType "team-tourn"]
[EventRounds "9"]
[EventCountry "DEN"]
[SourceTitle "Live"]
[WhiteTeam "Obro"]
[BlackTeam "Hillerod"]

1. d4 Nf6 2. Bf4 d5 3. e3 e6 4. Nd2 c5 5. c3 Bd6 6. Bg3 O-O 7. Ngf3 Qc7 8. Ne5
Nfd7 9. Bd3 Nxe5 10. dxe5 Bxe5 11. Bxh7+ Kxh7 12. Qh5+ Kg8 13. Bxe5 Qb6 14. g4
f6 15. g5 fxe5 16. g6 Re8 17. O-O-O Nd7 18. Qh7+ Kf8 19. Qh8+ Ke7 20. Qxg7+ Kd8
21. Qf7 Re7 22. Qg8+ Re8 23. Qh7 Qd6 24. Rhg1 Qe7 25. g7 Nf6 26. Qg6 Rg8 27.
Nf3 Ne8 28. Nxe5 Rxg7 29. Qh6 Kc7 30. Qf4 Nd6 31. Rxg7 Qxg7 32. Nc4 Qe7 33. Ne5
Bd7 34. Ng6 Qg7 35. Rg1 Be8 36. h4 Bxg6 37. h5 Qf7 0-1

[Event "Skakligaen 2022-23"]
[Site "Denmark"]
[Date "2022.11.20"]
[Round "3.6"]
[White "Ostergaard, Jens"]
[Black "Simonsen, Carsten"]
[Result "1-0"]
[WhiteElo "2253"]
[BlackElo "2234"]
[PlyCount "51"]
[EventDate "2022.10.29"]
[EventType "team-tourn"]
[EventRounds "9"]
[EventCountry "DEN"]
[SourceTitle "Holdskaksystemet"]
[WhiteTeam "Hillerod"]
[BlackTeam "Obro"]

1. d4 Nf6 2. Nf3 g6 3. c4 Bg7 4. Nc3 d5 5. cxd5 Nxd5 6. e4 Nxc3 7. bxc3 c5 8.
Bb5+ Nc6 9. O-O O-O 10. Bxc6 bxc6 11. Qc2 Qa5 12. Rb1 Be6 13. a4 f5 14. exf5
Bxf5 15. Qa2+ Kh8 16. Rb7 Qxc3 17. Bb2 Qd3 18. dxc5 Rae8 19. Re1 Be4 20. Bxg7+
Kxg7 21. Qa1+ Kg8 22. Ng5 Bd5 23. Rbxe7 Rxe7 24. Rxe7 Bf7 25. Ne6 Bxe6 26. Qg7#
1-0

[Event "Skakligaen 2022-23"]
[Site "Denmark"]
[Date "2022.11.20"]
[Round "3.7"]
[White "Jorgensen, Brian Jorgen"]
[Black "Jaksland, Tim"]
[Result "1/2-1/2"]
[WhiteElo "2150"]
[BlackElo "2100"]
[PlyCount "36"]
[EventDate "2022.10.29"]
[EventType "team-tourn"]
[EventRounds "9"]
[EventCountry "DEN"]
[SourceTitle "Holdskaksystemet"]
[WhiteTeam "Obro"]
[BlackTeam "Hillerod"]

1. c4 c5 2. Nc3 Nc6 3. Nf3 g6 4. e3 Nf6 5. d4 cxd4 6. exd4 d5 7. cxd5 Nxd5 8.
Qb3 Nxc3 9. bxc3 Bg7 10. Be2 O-O 11. Bf4 b6 12. O-O Bb7 13. Rfd1 Rc8 14. Rac1
Na5 15. Qa3 Bd5 16. Nd2 Qd7 17. c4 Ba8 18. Be3 e6 1/2-1/2

[Event "Skakligaen 2022-23"]
[Site "Denmark"]
[Date "2022.11.20"]
[Round "3.8"]
[White "Pedersen, Jan Nordenbaek"]
[Black "Skou, Niels"]
[Result "1/2-1/2"]
[WhiteElo "2132"]
[BlackElo "2119"]
[PlyCount "44"]
[EventDate "2022.10.29"]
[EventType "team-tourn"]
[EventRounds "9"]
[EventCountry "DEN"]
[SourceTitle "Live"]
[WhiteTeam "Hillerod"]
[BlackTeam "Obro"]

1. e4 e5 2. Nf3 Nc6 3. Bc4 Bc5 4. c3 Nf6 5. d4 exd4 6. cxd4 Bb4+ 7. Nc3 Nxe4 8.
O-O Bxc3 9. d5 Bf6 10. Re1 O-O 11. Rxe4 Ne7 12. d6 Ng6 13. dxc7 Qxc7 14. Bg5 d5
15. Bxd5 Bf5 16. Rc4 Qb6 17. Bxf6 Qxf6 18. Qd4 Qxd4 19. Rxd4 Rac8 20. Ra4 Rfd8
21. Bxb7 Rb8 22. Bc6 Rb6 1/2-1/2

[Event "Skakligaen 2022-23"]
[Site "Denmark"]
[Date "2022.11.20"]
[Round "3.1"]
[White "Hillarp Persson, Tiger"]
[Black "Thybo, Jesper Sondergaard"]
[Result "1/2-1/2"]
[WhiteElo "2511"]
[BlackElo "2498"]
[PlyCount "109"]
[EventDate "2022.10.29"]
[EventType "team-tourn"]
[EventRounds "9"]
[EventCountry "DEN"]
[SourceTitle "Live"]
[WhiteTeam "Bronshoj"]
[BlackTeam "Koge"]

1. d4 Nf6 2. c4 g6 3. h4 Bg7 4. Nc3 c5 5. d5 d6 6. e4 e6 7. Be2 exd5 8. exd5
Nbd7 9. h5 Nxh5 10. Bxh5 gxh5 11. Qxh5 Ne5 12. Ne4 Bg4 13. Qg5 Qxg5 14. Bxg5
Kd7 15. Nf6+ Kc7 16. Nxg4 Nxg4 17. Rb1 Rae8+ 18. Kf1 Bd4 19. Bh4 Re4 20. Nf3
Rhe8 21. Bg3 h6 22. Rh5 Bf6 23. b3 Re2 24. Rf5 Rxa2 25. Nh2 Nxh2+ 26. Bxh2 Be5
27. Re1 Kd8 28. Bxe5 Rxe5 29. Rexe5 dxe5 30. Rxf7 b6 31. g4 a5 32. Rb7 a4 33.
Rxb6 axb3 34. Rxb3 Rc2 35. Re3 Rxc4 36. f3 Rf4 37. Kf2 h5 38. Kg3 hxg4 39. fxg4
Kd7 40. Rxe5 Rf1 41. Re2 Rd1 42. g5 Rxd5 43. Kf4 Rd1 44. g6 Rg1 45. Kf5 Kd6 46.
Re4 Rf1+ 47. Kg5 Rg1+ 48. Kf6 Rf1+ 49. Kg7 Rg1 50. Rf4 Ke5 51. Rh4 Kd5 52. Kf6
c4 53. Rh5+ Kd4 54. Rg5 Rxg5 55. Kxg5 1/2-1/2

[Event "Skakligaen 2022-23"]
[Site "Denmark"]
[Date "2022.11.20"]
[Round "3.2"]
[White "Rozentalis, Eduardas"]
[Black "Vasli, Aref"]
[Result "1-0"]
[WhiteElo "2500"]
[BlackElo "2374"]
[PlyCount "65"]
[EventDate "2022.10.29"]
[EventType "team-tourn"]
[EventRounds "9"]
[EventCountry "DEN"]
[SourceTitle "Live"]
[WhiteTeam "Koge"]
[BlackTeam "Bronshoj"]

1. e4 e5 2. Nf3 Nc6 3. Bc4 Bc5 4. c3 Nf6 5. d3 d6 6. O-O h6 7. Nbd2 O-O 8. b4
Bb6 9. Bb3 a6 10. Re1 Kh8 11. Nc4 Ba7 12. Ne3 Ng4 13. h3 Nxe3 14. Bxe3 Qf6 15.
a3 Ne7 16. d4 Be6 17. Bxe6 Qxe6 18. c4 exd4 19. Bxd4 c5 20. Bb2 Rfd8 21. Qd2
Kg8 22. Rac1 b5 23. cxb5 axb5 24. Qc3 f6 25. Nh4 Rac8 26. Qg3 cxb4 27. axb4 Kf7
28. Nf5 Nxf5 29. exf5 Qd7 30. Qg6+ Kf8 31. Rxc8 Rxc8 32. Bxf6 Qf7 33. Bxg7+ 1-0

[Event "Skakligaen 2022-23"]
[Site "Denmark"]
[Date "2022.11.20"]
[Round "3.3"]
[White "Hoi, Carsten"]
[Black "Chatalbashev, Boris"]
[Result "0-1"]
[WhiteElo "2344"]
[BlackElo "2488"]
[PlyCount "84"]
[EventDate "2022.10.29"]
[EventType "team-tourn"]
[EventRounds "9"]
[EventCountry "DEN"]
[SourceTitle "Live"]
[WhiteTeam "Bronshoj"]
[BlackTeam "Koge"]

1. d4 Nf6 2. Nf3 g6 3. c4 Bg7 4. Nc3 d5 5. Bg5 Ne4 6. Bh4 Nxc3 7. bxc3 dxc4 8.
e3 Be6 9. Be2 Nd7 10. O-O Nb6 11. Nd2 O-O 12. a4 a5 13. Bf3 c5 14. Ne4 cxd4 15.
cxd4 Nd5 16. Nc5 Bc8 17. Qc2 b6 18. Qxc4 bxc5 19. Bxd5 Ba6 20. Qa2 Bxf1 21.
Bxa8 Qxa8 22. Rxf1 Qe4 23. Bg3 cxd4 24. Qc4 h5 25. Re1 h4 26. f3 Qb7 27. Bxh4
dxe3 28. Kf1 Rc8 29. Qb5 Qc7 30. Bg3 Qc3 31. Re2 Bd4 32. Be1 Qc7 33. Bg3 e5 34.
Be1 Rb8 35. Qd5 Rb1 36. f4 Bc3 37. fxe5 Bd2 38. Qd3 Rc1 39. Qe4 Qd7 40. Qh4
Bxe1 41. Rxe1 Qd3+ 42. Kg1 Qd2 0-1

[Event "Skakligaen 2022-23"]
[Site "Denmark"]
[Date "2022.11.20"]
[Round "3.4"]
[White "Smith, Axel"]
[Black "Bromann, Thorbjorn"]
[Result "1/2-1/2"]
[WhiteElo "2402"]
[BlackElo "2374"]
[PlyCount "97"]
[EventDate "2022.10.29"]
[EventType "team-tourn"]
[EventRounds "9"]
[EventCountry "DEN"]
[SourceTitle "Live"]
[WhiteTeam "Koge"]
[BlackTeam "Bronshoj"]

1. e4 e6 2. Nf3 d5 3. exd5 exd5 4. d4 Nc6 5. Bb5 Bd6 6. c4 dxc4 7. d5 a6 8. Ba4
b5 9. dxc6 bxa4 10. O-O Ne7 11. Nbd2 Nxc6 12. Nxc4 O-O 13. Qxa4 Bd7 14. Nxd6
cxd6 15. Qf4 Qb8 16. Qg3 f6 17. b3 Ne5 18. Ba3 a5 19. Rfd1 Ra6 20. Rd2 Nf7 21.
Rad1 Rc8 22. h3 Rcc6 23. Bb2 Kh8 24. Re1 Qf8 25. Nd4 Rc8 26. Ne6 Qg8 27. Nf4
Ne5 28. Nd5 Rc5 29. Ne3 Rb5 30. f4 Ng6 31. Red1 a4 32. Nd5 Qa8 33. Kh2 Rc6 34.
h4 Be6 35. h5 Rxd5 36. Rxd5 Bxd5 37. hxg6 Rc2 38. Rxd5 Qxd5 39. Qh3 h6 40. Bxf6
Kg8 41. Bd4 Qe4 42. Qg4 a3 43. b4 Qe2 44. Qh3 Qe4 45. Qg4 Qe2 46. Qh3 Qe4 47.
Qg4 h5 48. Qg5 Rc8 49. Qg3 1/2-1/2

[Event "Skakligaen 2022-23"]
[Site "Denmark"]
[Date "2022.11.20"]
[Round "3.5"]
[White "Palm, Nikolaj"]
[Black "Ahlander, Bjorn"]
[Result "0-1"]
[WhiteElo "2308"]
[BlackElo "2406"]
[PlyCount "98"]
[EventDate "2022.10.29"]
[EventType "team-tourn"]
[EventRounds "9"]
[EventCountry "DEN"]
[SourceTitle "Live"]
[WhiteTeam "Bronshoj"]
[BlackTeam "Koge"]

1. d4 c5 2. e3 d5 3. Nf3 Nc6 4. Be2 Nf6 5. O-O cxd4 6. exd4 Bg4 7. c3 e6 8. Bf4
Bd6 9. Bxd6 Qxd6 10. Nbd2 O-O 11. Ne5 Bf5 12. f4 h6 13. Bf3 Nd7 14. Qe2 f6 15.
Nxd7 Qxd7 16. Rae1 Rae8 17. Bg4 Ne7 18. Bh5 g6 19. Bf3 Nc8 20. Nb3 h5 21. Qf2
Nd6 22. h3 b6 23. Nd2 Qh7 24. Re3 h4 25. Rfe1 Qh6 26. Bg4 Be4 27. c4 f5 28. Be2
Rc8 29. c5 Ne8 30. b4 Rc7 31. Rc3 Rg7 32. Nf3 Qxf4 33. Nxh4 Qc7 34. Nf3 bxc5
35. Rxc5 Qe7 36. h4 Nd6 37. Ng5 Nf7 38. Qf4 e5 39. dxe5 Nxe5 40. Rec1 Nf7 41.
Bd1 Nxg5 42. hxg5 Qb7 43. Bb3 Rd8 44. a3 Qb6 45. Kh2 Rh7+ 46. Kg3 Qa6 47. Qe3
f4+ 48. Qxf4 Qd3+ 49. Kf2 Rf7 0-1

[Event "Skakligaen 2022-23"]
[Site "Denmark"]
[Date "2022.11.20"]
[Round "3.6"]
[White "Jorgensen, Brian"]
[Black "Laursen, Niels Norskov"]
[Result "1-0"]
[WhiteElo "2262"]
[BlackElo "2166"]
[PlyCount "49"]
[EventDate "2022.10.29"]
[EventType "team-tourn"]
[EventRounds "9"]
[EventCountry "DEN"]
[SourceTitle "Live"]
[WhiteTeam "Koge"]
[BlackTeam "Bronshoj"]

1. d4 Nf6 2. c4 g6 3. Nc3 d5 4. Nf3 Bg7 5. Bg5 Ne4 6. cxd5 Nxg5 7. Nxg5 e6 8.
Qd2 h6 9. Nh3 exd5 10. Qe3+ Kf8 11. Nf4 c6 12. Qf3 Bf6 13. e3 h5 14. h3 Kg7 15.
Bd3 h4 16. g3 hxg3 17. fxg3 Nd7 18. O-O Re8 19. Rf2 Nf8 20. Raf1 Nh7 21. h4 Qd7
22. Nh5+ gxh5 23. Bxh7 Kxh7 24. Qxh5+ Kg7 25. Rxf6 1-0

[Event "Skakligaen 2022-23"]
[Site "Denmark"]
[Date "2022.11.20"]
[Round "3.7"]
[White "Kryger, Oksana"]
[Black "Pedersen, Henrik Dahl"]
[Result "0-1"]
[WhiteElo "2107"]
[BlackElo "2233"]
[PlyCount "112"]
[EventDate "2022.10.29"]
[EventType "team-tourn"]
[EventRounds "9"]
[EventCountry "DEN"]
[SourceTitle "Live"]
[WhiteTeam "Bronshoj"]
[BlackTeam "Koge"]

1. d4 d5 2. c4 c6 3. Nf3 Nf6 4. cxd5 cxd5 5. Nc3 Nc6 6. Bf4 Bf5 7. Rc1 Rc8 8.
e3 Qb6 9. Bd3 Bxd3 10. Qxd3 e6 11. O-O Be7 12. Qb5 Qxb5 13. Nxb5 a6 14. Nd6+
Bxd6 15. Bxd6 Ne4 16. Bc5 f6 17. Rfd1 Kd7 18. Ne1 Nxc5 19. dxc5 Rc7 20. a3 Rhc8
21. b4 Ne7 22. f4 e5 23. Nd3 Ke6 24. Kf2 h5 25. Nb2 b5 26. Rd2 Nf5 27. Rcd1 d4
28. exd4 exd4 29. g3 Kd5 30. h3 Kc6 31. Re1 Rd8 32. Re6+ Kb7 33. Nd1 Re7 34.
Rde2 Rde8 35. Rb6+ Ka7 36. Rxe7+ Rxe7 37. g4 hxg4 38. hxg4 Nh6 39. Rd6 Nxg4+
40. Kf3 Ne3 41. Rxd4 Nc2 42. Rd2 Nxa3 43. Ne3 Rxe3+ 44. Kxe3 Nc4+ 45. Kd3 Nxd2
46. Kxd2 g5 47. fxg5 fxg5 48. Ke3 a5 49. bxa5 g4 50. c6 b4 51. Ke4 b3 52. Kd5
b2 53. c7 Kb7 54. Kd6 b1=Q 55. a6+ Kc8 56. a7 Qb6+ 0-1

[Event "Skakligaen 2022-23"]
[Site "Denmark"]
[Date "2022.11.20"]
[Round "3.8"]
[White "Meskenas, Paulius"]
[Black "Andersen, Soren Mikkel"]
[Result "1/2-1/2"]
[WhiteElo "2038"]
[BlackElo "2110"]
[PlyCount "111"]
[EventDate "2022.10.29"]
[EventType "team-tourn"]
[EventRounds "9"]
[EventCountry "DEN"]
[SourceTitle "Live"]
[WhiteTeam "Koge"]
[BlackTeam "Bronshoj"]

1. e4 c5 2. c3 Nf6 3. e5 Nd5 4. d4 cxd4 5. Nf3 Nc6 6. cxd4 d6 7. Bc4 Nb6 8. Bb5
dxe5 9. Nxe5 Bd7 10. Bxc6 Bxc6 11. Nxc6 bxc6 12. O-O e6 13. Nc3 Be7 14. Qg4 Bf6
15. Rd1 Nd5 16. Ne4 h5 17. Qe2 Be7 18. Bd2 Qb6 19. Be1 Qb5 20. Qc2 O-O 21. Rac1
Nf4 22. Nc3 Qb7 23. Bd2 Nd5 24. Ne4 Rab8 25. b3 Rbc8 26. Qb1 Ba3 27. Rc4 Nb6
28. Rc3 Be7 29. Rdc1 Rfd8 30. Rd3 g6 31. b4 Nd5 32. a3 Nf6 33. Ng3 Qb5 34. Qc2
Qb6 35. Rd1 Rd5 36. Nf1 Qd8 37. Bc1 a5 38. Ne3 Rb5 39. bxa5 Rxa5 40. Nc4 Rd5
41. Ne5 c5 42. Rg3 Qe8 43. Rc3 Rcd8 44. Rcd3 Rxd4 45. Rxd4 Rxd4 46. Rxd4 cxd4
47. Nc6 e5 48. Nxe5 Bxa3 49. Bxa3 Qxe5 50. g3 Qe6 51. Qd2 Qe4 52. Bb2 h4 53.
Qxd4 Qxd4 54. Bxd4 Nd5 55. gxh4 Kh7 56. Kg2 1/2-1/2

[Event "Skakligaen 2022-23"]
[Site "Denmark"]
[Date "2022.11.20"]
[Round "3.1"]
[White "Haubro, Martin"]
[Black "Hector, Jonny"]
[Result "0-1"]
[WhiteElo "2398"]
[BlackElo "2454"]
[PlyCount "76"]
[EventDate "2022.10.29"]
[EventType "team-tourn"]
[EventRounds "9"]
[EventCountry "DEN"]
[SourceTitle "Holdskaksystemet"]
[WhiteTeam "BMS"]
[BlackTeam "Nordkalotten"]

1. e4 e5 2. Nf3 Nc6 3. Bb5 a6 4. Ba4 Nf6 5. O-O Nxe4 6. d4 Be7 7. Re1 b5 8. Bb3
d5 9. dxe5 Be6 10. Be3 O-O 11. Nbd2 Nc5 12. h3 d4 13. Bf4 Bf5 14. Nf1 a5 15. a3
d3 16. c3 a4 17. Ba2 Be6 18. Bb1 Bb3 19. Qc1 Bc4 20. N1d2 Qd5 21. Nxc4 bxc4 22.
Ba2 Rab8 23. Rb1 Rb7 24. Bg5 Bxg5 25. Qxg5 Rfb8 26. Nd2 Na5 27. Qg4 h5 28. Qd4
Qxd4 29. cxd4 Rxb2 30. dxc5 c3 31. Rxb2 Rxb2 32. e6 fxe6 33. Bxe6+ Kf8 34. Ne4
c2 35. Nd2 Nb3 36. Bxb3 axb3 37. Rc1 Rb1 38. Rxb1 b2 0-1

[Event "Skakligaen 2022-23"]
[Site "Denmark"]
[Date "2022.11.20"]
[Round "3.2"]
[White "Jepson, Christian"]
[Black "Liu, Casper Yukun"]
[Result "0-1"]
[WhiteElo "2401"]
[BlackElo "2317"]
[PlyCount "72"]
[EventDate "2022.10.29"]
[EventType "team-tourn"]
[EventRounds "9"]
[EventCountry "DEN"]
[SourceTitle "Holdskaksystemet"]
[WhiteTeam "Nordkalotten"]
[BlackTeam "BMS"]

1. c4 e6 2. Nf3 d5 3. g3 Nf6 4. Bg2 d4 5. O-O c5 6. e3 Nc6 7. d3 Bd6 8. exd4
cxd4 9. a3 a5 10. Bg5 h6 11. Bxf6 Qxf6 12. Nbd2 Qe7 13. Re1 O-O 14. Nh4 e5 15.
f4 Qc7 16. f5 Be7 17. Be4 Bxh4 18. gxh4 Ne7 19. Rf1 Ra6 20. Rf3 Rf6 21. Qf1 Qb6
22. Rb1 Bxf5 23. c5 Qe6 24. Bxb7 Rg6+ 25. Rg3 Rxg3+ 26. hxg3 Qg6 27. Ne4 Rb8
28. h5 Qg4 29. c6 Bxe4 30. dxe4 Nxc6 31. Bxc6 Rb3 32. Bd5 Rxg3+ 33. Kf2 Rf3+
34. Ke1 Rxf1+ 35. Kxf1 d3 36. Kf2 Qe2+ 0-1

[Event "Skakligaen 2022-23"]
[Site "Denmark"]
[Date "2022.11.20"]
[Round "3.3"]
[White "Rostgaard, Tobias Valentin"]
[Black "Brynell, Stellan"]
[Result "0-1"]
[WhiteElo "2323"]
[BlackElo "2383"]
[PlyCount "44"]
[EventDate "2022.10.29"]
[EventType "team-tourn"]
[EventRounds "9"]
[EventCountry "DEN"]
[SourceTitle "Holdskaksystemet"]
[WhiteTeam "BMS"]
[BlackTeam "Nordkalotten"]

1. d4 Nf6 2. Nf3 e6 3. Bf4 b6 4. e3 Bb7 5. Nbd2 c5 6. c3 Be7 7. Bd3 cxd4 8.
exd4 d6 9. a4 a6 10. Qb3 O-O 11. a5 b5 12. c4 Nc6 13. cxb5 Nxa5 14. Qc2 axb5
15. Bg5 h6 16. Bxf6 Bxf6 17. Bxb5 Qb6 18. Qd3 Nc6 19. Rd1 Nxd4 20. Nxd4 Qxd4
21. Qxd4 Bxd4 22. Nc4 Bxg2 0-1

[Event "Skakligaen 2022-23"]
[Site "Denmark"]
[Date "2022.11.20"]
[Round "3.4"]
[White "Sylvan, Jacob"]
[Black "Kistrup, Nicolai"]
[Result "1/2-1/2"]
[WhiteElo "2310"]
[BlackElo "2274"]
[PlyCount "75"]
[EventDate "2022.10.29"]
[EventType "team-tourn"]
[EventRounds "9"]
[EventCountry "DEN"]
[SourceTitle "Holdskaksystemet"]
[WhiteTeam "Nordkalotten"]
[BlackTeam "BMS"]

1. d4 Nf6 2. Nf3 d5 3. g3 g6 4. Bg2 Bg7 5. c4 c6 6. O-O O-O 7. cxd5 cxd5 8. Ne5
Nc6 9. Nc3 Bf5 10. Nxc6 bxc6 11. Bf4 Nd7 12. Na4 Qa5 13. Rc1 Rac8 14. b3 Qb4
15. Be3 Rfe8 16. Qe1 Qxe1 17. Rfxe1 Nb6 18. Nc5 Nd7 19. Red1 Nxc5 20. Rxc5 Bd7
21. Ra5 Rc7 22. Bc1 Bf8 23. Ba3 e6 24. Bc5 Bxc5 25. Rxc5 Kf8 26. b4 Ke7 27.
Rdc1 Kd6 28. e3 Rb8 29. a3 Rb6 30. Bf1 f6 31. f4 Be8 32. Bd3 Re7 33. Kf2 e5 34.
Ra5 Rb8 35. Ra6 Rb6 36. Ra5 Rbb7 37. Ra6 Rb6 38. Ra5 1/2-1/2